Obras poeticas lyricas / (Record no. 157900)

MARC details
000 -LEADER
campo de control de longitud fija 01731nam a2200241 i 4500
001 - NÚMERO DE CONTROL
campo de control 157900
003 - IDENTIFICADOR DE NÚMERO DE CONTROL
campo de control ES-MaACL
005 - FECHA Y HORA DE LA ÚLTIMA TRANSACCIÓN
campo de control 20240215150934.0
008 - DATOS DE LONGITUD FIJA--INFORMACIÓN GENERAL
campo de control de longitud fija 940206s1738 sp a |||| | spa d
100 1# - ENTRADA PRINCIPAL--NOMBRE DE PERSONA
Nombre de persona Lobo, Eugenio Gerardo.
9 (RLIN) 73014
245 10 - MENCIÓN DEL TÍTULO
Título Obras poeticas lyricas /
Mención de responsabilidad, etc. que su autor, el Coronel D. Eugenio Gerardo Lobo, Capitan de Guardias de Infantería Española, ha cedido à la Congregacion de la Milagrosa Imagen de N. Señora de Peña Sacra, que se venera en el Real de Manzanares ; sacalas a luz la misma Congregacion ... siendo Hermano Mayor el ... Marqués de Casa Sola, y consiliarios del culto de su Magestad, D. Phelipe Alcocèr, y D. Antonio Tellez de Azebedo.
250 ## - MENCION DE EDICION
Mención de edición Corregidas y enmendadas las que antes estaban impressas, y añadidas en mucho que hasta aora no ha salido à luz y va notado con esta señal *.
260 ## - PUBLICACIÓN, DISTRIBUCIÓN, ETC.
Lugar de publicación, distribución, etc. En Madrid :
Nombre del editor, distribuidor, etc. en la Imprenta Real por Don Miguel Francisco Rodriguez,
Fecha de publicación, distribución, etc. 1738.
300 ## - DESCRIPCIÓN FÍSICA
Extensión [28], 392 p., [1] h. de grab. ;
Dimensiones 4\so\p.
530 ## - NOTA DISPONIBLE DE FORMULARIO FÍSICO ADICIONAL
Nota de formato físico adicional disponible Disponible en formato digital.
597 ## - NOTA DE DESCRIPCIÓN FÍSICA
NOTA DE DESCRIPCIÓN FÍSICA Sign.: [calderón]3[calderón]4, 4[calderón]2, A-Z4, 2A-2Z4, 3A-3C4.
597 ## - NOTA DE DESCRIPCIÓN FÍSICA
NOTA DE DESCRIPCIÓN FÍSICA Port. orlada.
599 ## - NOTA A LAS ILUSTRACIONES
NOTA A LAS ILUSTRACIONES La h. de grab. calc.: "Verdadero retrato de Ntra. Sra. de la Peña Sacra questa en el Real de Mançanares, año 1783, F.C."
852 ## - LOCALIZACIÓN
Ubicación ES-MaACL
Número de control de estantería R-3372
itemnumber 163753
Signatura antigua Olim: D-4143
Nota libre Cambio de signatura. Datos tomados del fichero topográfico R
-- Cotejado con la relación de obras recuperadas expediente robo.
Encuadernación Encuadernación en pergamino
condición física Edic.: tiene al final [6] p., [2] en bl. con sign. 3D\p4\s
856 ## - LOCALIZACIÓN Y ACCESO ELECTRÓNICOS
Identificador Uniforme de Recursos <a href="http://bdh-rd.bne.es/viewer.vm?id=0000076705&page=1 ">http://bdh-rd.bne.es/viewer.vm?id=0000076705&page=1 </a>
Nota pública Biblioteca Digital Hispánica
942 ## - ELEMENTOS DE ENTRADA SECUNDARIOS (KOHA)
Fuente del sistema de clasificación o colocación Clasificación decimal universal
Holdings
Estatus retirado Estado de pérdida Estado de daño No para préstamo Colección Biblioteca de origen Biblioteca actual Ubicación en estantería Fecha de adquisición Fuente de adquisición Total de préstamos Signatura topográfica completa Código de barras Visto por última vez Precio de reemplazo Tipo de ítem Koha
        Colección digital Biblioteca del Ateneo de Madrid Biblioteca del Ateneo de Madrid Depósito 17/01/2008     R-3372 1165252 23/02/2023 23/02/2023 Libro impreso antiguo